L’écrit dans la vie courante de l’immigrant (Record no. 18123)

000 -LEADER
fixed length control field 01244nam a22002177a 4500
008 - FIXED-LENGTH DATA ELEMENTS--GENERAL INFORMATION
fixed length control field 120221t quc||||| ||||s00| 0 fre d
020 ## - INTERNATIONAL STANDARD BOOK NUMBER
International Standard Book Number 2551126711
050 ## - LIBRARY OF CONGRESS CALL NUMBER
Classification number PC 2361
Item number .G55
100 ## - MAIN ENTRY--PERSONAL NAME
Personal name Gilles, Marie-Claude.
9 (RLIN) 2092
245 ## - TITLE STATEMENT
Title L’écrit dans la vie courante de l’immigrant
Remainder of title cahier d'exercices.
250 ## - EDITION STATEMENT
Edition statement Réédition ; 1ére édition 1985
Remainder of edition statement La présente édition a été revue et corrigée par la Direction des politiques et des programmes d’intégration linguistique avec la collaboration de Louise Lépine.
260 ## - PUBLICATION, DISTRIBUTION, ETC. (IMPRINT)
Place of publication, distribution, etc Montréal (Québec)
Name of publisher, distributor, etc Bibliothèque nationale du Québec
-- Gouvernement du Québec,
Date of publication, distribution, etc 1992.
300 ## - PHYSICAL DESCRIPTION
Extent 105p.
Dimensions 28 cm.
500 ## - GENERAL NOTE
General note L’édition originale de cette publication a été réalisée par la Direction des communications en collaboration avec la Direction de la formation du ministère des Communautés culturelles et de l’Immigration, sous la direction pédagogique de Marie-Claude Gilles.
650 ## - SUBJECT ADDED ENTRY--TOPICAL TERM
Topical term or geographic name as entry element Français (Langue)
Form subdivision Manuels pour allophones.
9 (RLIN) 2093
650 ## - SUBJECT ADDED ENTRY--TOPICAL TERM
Topical term or geographic name as entry element Français (Langue)
General subdivision Composition et exercices.
9 (RLIN) 2094
650 ## - SUBJECT ADDED ENTRY--TOPICAL TERM
Topical term or geographic name as entry element French language
General subdivision Composition and exercises.
9 (RLIN) 2095
700 ## - ADDED ENTRY--PERSONAL NAME
Personal name Lépine, Louise.
9 (RLIN) 2096
700 ## - ADDED ENTRY--PERSONAL NAME
Personal name Morin, Michèle
9 (RLIN) 2097
942 ## - ADDED ENTRY ELEMENTS (KOHA)
Source of classification or shelving scheme
Item type Books
Copies
Date last seen Price effective from Full call number Current location Withdrawn status Permanent location Source of classification or shelving scheme Koha item type Shelving location Not for loan Copy number Lost status Damaged status Barcode Date acquired
2012-02-222012-02-22PC 2361 .G55RHEMA Bible Training College RHEMA Bible Training College BooksGeneral Stacks 1  224592012-02-22